| Tag |
First Indicator |
Second Indicator |
Subfields |
| LEADER |
00000nam a2200000 i 4500 |
| 001 |
in00004687253 |
| 006 |
m o d |
| 007 |
cr un|---aucuu |
| 008 |
191228s2020 enka ob 001 0 eng d |
| 005 |
20260214214149.9 |
| 020 |
|
|
|a 9781119687450
|q (online)
|
| 020 |
|
|
|a 1119687454
|q (online)
|
| 020 |
|
|
|a 9781119687436
|q (ePub ebook)
|
| 020 |
|
|
|a 1119687438
|q (ePub ebook)
|
| 020 |
|
|
|z 1786305119
|q (hardcover)
|
| 020 |
|
|
|z 9781786305114
|q (hardcover)
|
| 035 |
|
|
|a wil6007436
|
| 035 |
|
|
|a (NhCcYBP)wil6007436
|
| 037 |
|
|
|a 9781119687436
|b Wiley
|
| 040 |
|
|
|a NhCcYBP
|b eng
|e rda
|c NhCcYBP
|
| 050 |
|
4 |
|a QD262
|b .M85 2020
|
| 050 |
|
4 |
|a QD411
|b .M85 2020
|
| 082 |
0 |
4 |
|a 547.2
|2 23
|
| 082 |
0 |
4 |
|a 547/.05
|2 23
|
| 245 |
0 |
0 |
|a Multi-component reactions in molecular diversity /
|c edited by Jean-Philippe Goddard, Max Malacria, Cyril Ollivier.
|
| 264 |
|
1 |
|a London :
|b ISTE Ltd ;
|a Hoboken, NJ :
|b John Wiley & Sons, Inc.,
|c 2020.
|
| 300 |
|
|
|a 1 online resource (164 pages) :
|b illustrations (some color)
|
| 336 |
|
|
|a text
|b txt
|2 rdacontent
|
| 336 |
|
|
|a still image
|b sti
|2 rdacontent
|
| 337 |
|
|
|a computer
|b c
|2 rdamedia
|
| 338 |
|
|
|a online resource
|b cr
|2 rdacarrier
|
| 490 |
1 |
|
|a Chemistry series
|
| 490 |
1 |
|
|a Eco-compatibility of organic synthesis set ;
|v volume 1
|
| 505 |
0 |
|
|a Organometallic Multicomponent Reactions / Nuno Monteiro -- Use of 1, 3-Dicarbonyl Derivatives in Stereoselective Domino and Multicomponent Reactions / Damien Bonne, Thierry Constantieux, Yoann Coquerel, Jean Rodriguez -- Multicomponent Radical Processes: Recent Developments / Yannick Landais.
|
| 504 |
|
|
|a Includes bibliographical references and index.
|
| 588 |
0 |
|
|a Online resource; title from digital title page (viewed on May 18, 2020).
|
| 650 |
|
0 |
|a Organometallic compounds.
|
| 650 |
|
2 |
|a Organometallic Compounds
|
| 655 |
|
4 |
|a Electronic books.
|
| 700 |
1 |
|
|a Goddard, Jean-Philippe,
|e editor.
|
| 700 |
1 |
|
|a Malacria, Max,
|d 1949-
|e editor.
|
| 700 |
1 |
|
|a Ollivier, Cyril,
|e editor.
|
| 776 |
0 |
8 |
|i Print version:
|a Malacria, Max.
|t Multi-Component Reactions in Molecular Diversity.
|d Newark : John Wiley & Sons, Incorporated, ©2020
|z 9781786305114
|
| 830 |
|
0 |
|a Eco-compatibility of organic synthesis set ;
|v v. 1.
|
| 830 |
|
0 |
|a Chemical engineering series (ISTE Ltd.)
|
| 856 |
4 |
0 |
|u http://proxy.library.tamu.edu/login?url=https://onlinelibrary.wiley.com/book/10.1002/9781119687450
|z Connect to the full text of this electronic book
|t 0
|
| 955 |
|
|
|a Wiley EBA record
|
| 975 |
|
|
|p Wiley UBCM Full Collection 2026
|
| 999 |
f |
f |
|s c1357808-c443-47d4-b97b-6b8b2a178ace
|i bcace1e5-0e32-419a-b1e2-0800117ae1e8
|t 0
|
| 952 |
f |
f |
|a Texas A&M University
|b College Station
|c Electronic Resources
|s evans_pda
|d Available Online
|t 0
|e QD262 .M85 2020
|h Library of Congress classification
|
| 998 |
f |
f |
|a QD262 .M85 2020
|t 0
|l Available Online
|